|
|
|
|
| LEADER |
00000cam a2200000 a 4500 |
| 001 |
vtls010061628 |
| 003 |
SK-MaSNL |
| 005 |
20260301131057.0 |
| 008 |
240314s2009 xo a b 000 0 slo |
| 015 |
|
|
|a SNBA2010/08-04358
|
| 020 |
|
|
|a 9788071589815
|q (brož.)
|
| 035 |
|
|
|a 69963773-4627-4E2E-829C-099AF0F38AEF
|
| 035 |
|
|
|a urn:nbn:sk:snk-am3h6wq
|
| 035 |
|
|
|a urn:nbn:sk:snk-am00cplf
|
| 040 |
|
|
|a SNK
|b slo
|c SNK
|e AACR2
|
| 041 |
0 |
|
|a slo
|
| 044 |
|
|
|a xo
|c SK
|
| 072 |
|
7 |
|a 37.016
|x Učebné osnovy. Vyučovacie predmety. Učebnice
|2 konspekt
|
| 080 |
|
|
|a 37.016:003-028.31
|2 2001
|
| 080 |
|
|
|a (075.2)
|2 2001
|
| 100 |
1 |
|
|a Štefeková, Kamila
|4 aut
|9 47240
|
| 245 |
1 |
0 |
|a Písanka pre 1. ročník
|c Kamila Štefeková, Romana Culková ; [ilustrácie: Alena Wagnerová]
|
| 246 |
3 |
1 |
|a Písanie pre 1. ročník
|
| 260 |
|
|
|a Bratislava
|b Orbis Pictus Istropolitana
|c 2009
|
| 300 |
|
|
|a 24, 24 s.
|b ilustr.
|c 29 cm
|
| 500 |
|
|
|a Viaz. zvratmo
|
| 650 |
0 |
7 |
|a písanie
|2 SNKPH
|9 1728
|
| 650 |
0 |
7 |
|a Writing
|2 SNKPHeng
|9 302882
|
| 655 |
|
7 |
|a učebnice základných škôl
|2 SNKPH
|9 70187
|
| 655 |
|
7 |
|a Textbooks (elementary)
|2 SNKPHeng
|9 276977
|
| 700 |
1 |
|
|a Culková, Romana
|4 aut
|9 65779
|
| 700 |
1 |
|
|a Wagnerová, Alena
|4 ill
|9 284243
|
| 852 |
|
|
|a Štátna vedecká knižnica v Banskej Bystrici
|
| 919 |
|
|
|a 978-80-7158-981-5
|
| 968 |
|
|
|d 37
|
| 999 |
|
|
|c 746721
|d 748651
|
| 952 |
|
|
|a SNK
|b SNK
|y PREZ
|7 0
|p 17A0663057
|o snkSB 79666
|i snk2010/12296
|8 0
|0 0
|1 0
|4 0
|d 2010-06-07
|f 1
|l 0
|r 2025-04-30 00:00:00
|w 2026-02-23
|
| 952 |
|
|
|a SNK
|b SNK
|y VYP
|7 0
|p 17A0663058
|o snkSB 79666 D1
|i snk2010/12297
|8 0
|0 0
|1 0
|4 0
|d 2010-06-07
|l 0
|r 2016-06-30 00:00:00
|w 2026-02-23
|